Tennessee Women's Basketball: Top 10 All-Time Leaders - Statistics

General Stats
  • This quiz has been taken 8 times
  • The average score is 10 of 89
Answer Stats
Category # Player Amount % Correct
Points 1 Candace Parker 2,137
100%
Rebounds 4 Candace Parker 972
100%
Steals 4 Candace Parker 209
100%
Blocks 2 Candace Parker 268
100%
Field Goal Percent 2 Candace Parker 53.8%
100%
Points Per Game 1 Candace Parker 19.4
100%
Three Pointers Made 6 Brittany Jackson 161
50%
Points Per Game 8 Gwen Jackson 13.7
50%
Three Pointers Made 10 Meme Jackson 129
50%
Blocks 1 Tamari Key 295
33%
Points 7 Glory Johnson 1,643
17%
Rebounds 1 Glory Johnson 1,219
17%
Steals 7 Glory Johnson 179
17%
Blocks 10 Glory Johnson 92
17%
Field Goal Percent 3 Glory Johnson 48.8%
17%
Points Per Game 5 Glory Johnson 15.1
17%
Assists 4 Jordan Horston 420
17%
Blocks T8 Jordan Horston 94
17%
Field Goal Percent 9 Jordan Horston 39.5%
17%
Points Per Game 9 Jordan Horston 12.4
17%
Points 4 Rennia Davis 1,817
17%
Rebounds 5 Rennia Davis 947
17%
Field Goal Percent 5 Rennia Davis 47.2%
17%
Points Per Game 4 Rennia Davis 15.4
17%
Assists 2 Alexis Hornbuckle 503
0%
Steals 1 Alexis Hornbuckle 372
0%
Games 8 Alexis Hornbuckle 138
0%
Games T5 Alicia Manning 139
0%
Steals 5 Andraya Carter 199
0%
Points 10 Angie Bjorklund 1,469
0%
Assists 10 Angie Bjorklund 294
0%
Three Pointers Made 1 Angie Bjorklund 305
0%
Field Goal Percent 8 Angie Bjorklund 40.5%
0%
Assists 1 Ariel Massengale 518
0%
Three Pointers Made 4 Ariel Massengale 164
0%
Blocks 6 Ashley Robinson 149
0%
Points 9 Bashaara Graves 1,509
0%
Rebounds 3 Bashaara Graves 1,044
0%
Games T5 Bashaara Graves 139
0%
Rebounds 9 Cierra Burdick 794
0%
Points Per Game 3 Diamond DeShields 15.7
0%
Assists 8 Evina Westbrook 306
0%
Steals 8 Evina Westbrook 167
0%
Rebounds 10 Isabelle Harrison 778
0%
Blocks 7 Isabelle Harrison 131
0%
Steals 10 Jaime Nared 156
0%
Assists 5 Jordan Reynolds 372
0%
Steals 9 Jordan Reynolds 158
0%
Games 10 Jordan Reynolds 135
0%
Points Per Game 6 Kara Lawson 14.7
0%
Blocks 3 Kelley Cain 228
0%
Assists 3 Loree Moore 421
0%
Steals 2 Loree Moore 280
0%
Points 2 Meighan Simmons 2,064
0%
Assists 9 Meighan Simmons 304
0%
Three Pointers Made 3 Meighan Simmons 255
0%
Field Goal Percent 7 Meighan Simmons 40.7%
0%
Points Per Game 7 Meighan Simmons 14.4
0%
Games 3 Meighan Simmons 143
0%
Points 8 Mercedes Russell 1,597
0%
Rebounds 2 Mercedes Russell 1,085
0%
Blocks 4 Mercedes Russell 195
0%
Field Goal Percent 1 Mercedes Russell 57.0%
0%
Games 9 Mercedes Russell 136
0%
Rebounds 7 Nicky Anosike 914
0%
Steals 3 Nicky Anosike 213
0%
Blocks 5 Nicky Anosike 161
0%
Games 1 Nicky Anosike 146
0%
Points 5 Shanna Zolman 1,706
0%
Assists 7 Shanna Zolman 312
0%
Three Pointers Made 2 Shanna Zolman 266
0%
Games 2 Shanna Zolman 144
0%
Three Pointers Made 7 Shannon Bobbitt 147
0%
Points 3 Shekinna Stricklen 1,882
0%
Rebounds 8 Shekinna Stricklen 904
0%
Assists 6 Shekinna Stricklen 370
0%
Steals 6 Shekinna Stricklen 193
0%
Three Pointers Made 5 Shekinna Stricklen 163
0%
Field Goal Percent 6 Shekinna Stricklen 43.7%
0%
Points Per Game 2 Shekinna Stricklen 17.4
0%
Points 6 Shyra Ely 1,673
0%
Rebounds 6 Shyra Ely 940
0%
Field Goal Percent 4 Shyra Ely 47.8%
0%
Points Per Game 10 Shyra Ely 12.0
0%
Games T5 Shyra Ely 139
0%
Three Pointers Made 9 Sidney Spencer 133
0%
Three Pointers Made 8 Taber Spani 143
0%
Games 4 Tye'sha Fluker 140
0%
Blocks T8 Vicki Braugh 94
0%
No matching quizzes found
Score Distribution
Percent of People with Each Score
Percentile by Number Answered
Your Score History
You have not taken this quiz